000
00207 a2200097 4500
001
13453
100
_a
Gretton G
245
_a
Communism colonialism
260
_a
London
_b
Macmillan
_c
090
_c
10464
_d
10464
942
_a
NUST-CAE
_c
M
_c
519
999
_c
248526
_d
248526